000 00766nam a22002297a 4500
003 UA-OsUOA
001 20994
007 ta
008 20031110b un ||||| |||| 00| 0 ukr d
090 _a94(477).063
_bБ11
942 _cBK
040 _aUA-OsUOA
_bukr
_cUA-OsUOA
_dUA-OsUOA
245 _aБільшовики України в боротьбі за перемогу жовтневої революції і встановлення радянської влади (Березень 1917 р. - лютий 1918 р.): Збірник статей
300 _a411 с.
955 _a0
041 _aukr
080 _a94(477).063
260 _aКиїв
_bДержполітвидав України
_c1957
044 _aUA
650 7 _2UDC
999 _c307184
_d307184